000 00610nam a2200181Ia 4500
008 100917s9999 xx 000 0 und d
082 _b12457
100 _aबोरकर लक्ष्मीदास
245 _aप्रीत फुलली नभांतरी
260 _bश्रीशांता दुर्गा
_c1974
300 _a276
365 _b15
520 _aकादंबरी
630 _aप्रीत फुलली नभांतरी
650 _aकादंबरी
730 _aप्रीत फुलली नभांतरी
942 _cBOOK
999 _c617851
_d617848